000 00334nam a2200133Ia 4500
008 240624s9999 xx 000 0 und d
041 _aeng
082 _a658.4083 RYL
100 _aRYLEY TIM
245 _aTRANSPORT AND CLIMATE CHANGE
260 _c2012
_aUnited Kingdom
_bEmerald
300 _axi, 396 p.; 23 cm.
365 _cBPS
_b33
999 _c32441
_d32441